| 000 | 01676nam a22002537a 4500 | ||
|---|---|---|---|
| 003 | AR-RoUNCS | ||
| 005 | 20260622172921.0 | ||
| 007 | ta | ||
| 008 | 260622s2000 sp |||||r|||| 00| 1 spa d | ||
| 020 | _a8495594110 | ||
| 040 |
_aAR-RoUNCS _cAR-RoUNCS _bspa |
||
| 041 | _aspa | ||
| 080 | _084-32(82) | ||
| 100 |
_aBorges, Jorge Luis _d1899-1986 |
||
| 245 | 1 | 3 |
_aEl Aleph / _cJorge Luis Borges. |
| 260 |
_aBarcelona : _bSol, _cc2000. |
||
| 300 |
_a140 p. ; _c22 cm. |
||
| 490 | 0 |
_aBiblioteca de la Literatura Universal ; _v17 |
|
| 505 | _aEl inmortal -- El muerto -- Los teólogos -- Historia del guerrero y de la cautiva -- Biografía de Tadeo Isidoro Cruz (1829-1874) -- Emma Zunz -- La casa de Asterión -- La otra muerte -- Deutsches Requiem -- La busca de Averroes -- El Zahir -- La escritura del dios -- Abenjacán el Bojarí, muerto en su laberinto -- Los dos reyes y los dos laberintos -- La espera -- El hombre en el umbral -- El Aleph -- Epílogo.- | ||
| 520 | _aLa mayoría de los cuentos reunidos en este libro pertenecen al genero fantástico. Algunos surgieron a partir de crónicas policiales, de pinturas o simplemente de la visión de algún conventillo, otro explora el efecto de la inmortalidad causaría en los hombres, hay una glosa al Martin Fierro, sueños sobre la identidad personal y fantasías del tiempo. El cuento "El Aleph", publicado por primera vez en 1945, aborda uno de los temas recurrentes en la literatura de Borges: el infinito. Porque en esa esfera resplandeciente confluyen de un modo asombroso todos los tiempos y todos los espacios. | ||
| 650 | 7 |
_aLiteratura argentina _2embne |
|
| 655 | 7 |
_2embne _aCuentos |
|
| 942 |
_2udc _cOG _n0 |
||
| 999 |
_c1053 _d1053 |
||